000 00245nam a22001097a 4500
020 _a8187253207
082 _a630
_bSIN/AG
100 _aSinghal, O.P
245 _aAgricultural engineering
260 _aMeerut
_bAman publishing house
942 _cBK
999 _c13973
_d13973